The Languages Of Andaman And Nicobar Islands: (Record no. 195217)

MARC details
000 -LEADER
fixed length control field 00691nam a22001937a 4500
005 - DATE AND TIME OF LATEST TRANSACTION
control field 20230313113642.0
010 ## - LCCN (DPL NO)
LC control number ENG-136371
020 ## - INTERNATIONAL STANDARD BOOK NUMBER
International Standard Book Number 9789390122301
Terms of availability 1022.00
035 ## - SYSTEM CONTROL NUMBER
System control number EN-119903
037 ## - SOURCE OF ACQUISITION
Source of stock number/acquisition DBAD/PUB
082 ## - DEWEY DECIMAL CLASSIFICATION NUMBER
Classification number 409.54
245 ## - TITLE STATEMENT
Title The Languages Of Andaman And Nicobar Islands:
Statement of responsibility, etc Edited By Aditi G.N Devy and M.Sreenathan
Remainder of title People's linguistic survey of India volume 2 /
260 ## - PUBLICATION, DISTRIBUTION, ETC. (IMPRINT)
Place of publication, distribution, etc Telengana
Name of publisher, distributor, etc Orient Blackswan Pvt. Ltd.
Date of publication, distribution, etc 2020
270 ## - ADDRESS
City Hydrabad
Address 3-6-752, Himayatnagar
Postal code 500029
Electronic mail address info@orientblackswan.com
300 ## - PHYSICAL DESCRIPTION
Extent xli107p.
Dimensions 24cm(Hb)
700 ## - ADDED ENTRY--PERSONAL NAME
Personal name G.N Devy
Relator term Chief Editor
700 ## - ADDED ENTRY--PERSONAL NAME
Personal name M.Sreenathan
Relator term Editor
942 ## - ADDED ENTRY ELEMENTS (KOHA)
Source of classification or shelving scheme Dewey Decimal Classification
Item type English Books
Call number suffix GND
Classification part 409.54
Holdings
Withdrawn status Lost status Not for loan Collection code Home library Current library Date acquired Source of acquisition Cost, normal purchase price Full call number Barcode Copy number Koha item type
      Non-fiction Katevara Katevara 13/03/2023 DBAD/PUB 1022.00 409.54 GND EN-119903 1 English Books

© Delhi Public Library
Hit Counter
free hit counter